Ciepłe czy zimne miejsce ? - Statystyki

Ogólne statystyki
  • Ten quiz został rozwiązany 4 335 razy
  • Średni wynik to 13 z 20
Statystyki odpowiedzi
Hint Explanation Odpowiedź % Poprawnych
Mount Everest Zimne
89%
Saint Lucia Wyspa na Karaibach Ciepłe
88%
Mekka Ciepłe
88%
Murmańsk Miasto w Rosji Zimne
77%
Głębia Challengera Najgłębszy punkt oceanu. Około 2°C (35°F). Zimne
75%
Manaus Miasto w dżungli amazońskiej Ciepłe
74%
Chichén Itzá Ruiny Majów położone w Meksyku Ciepłe
73%
Betelgeza Gwiazda Ciepłe
71%
Timbuktu Miasto na Saharze Ciepłe
68%
Port Moresby Stolica Papui Nowej Gwinei Ciepłe
67%
Arrakis Fikcyjna pustynna planeta z Diuny Ciepłe
66%
Ziemia Baffina Wyspa w Kanadzie Zimne
66%
Jelito czcze Część dolnej części jelita Ciepłe
63%
Forteca Samotności Kryjówka Supermana położona w Arktyce Zimne
61%
Morze Karskie Znajduje się na Oceanie Arktycznym Zimne
59%
Ziemia Marii Byrd Znajduje się na Antarktydzie Zimne
58%
Hoth Zamarznięta planeta z „Gwiezdnych Wojen” Zimne
49%
Ziemia Ognista Najbardziej wysunięty na południe region
Ameryki Południowej
Zimne
44%
Charon Księżyc Plutona Zimne
33%
Hellas Planitia Znajduje się na Marsie Zimne
25%
Nie znaleziono quizów pasujących do podanych kryteriów
Rozkład punktacji
Procent ludzi z każdym wynikiem
Percentyl według liczby udzielonych odpowiedzi
Twoja historia wyników
Nie rozwiązałeś tego quizu